| Tag |
First Indicator |
Second Indicator |
Subfields |
| LEADER |
00000cam a2200000 a 4500 |
| 001 |
in00001406435 |
| 005 |
20151020072700.0 |
| 008 |
980312s1998 nyu 001 0aeng |
| 010 |
|
|
|a 98015251
|
| 020 |
|
|
|a 0887309186
|
| 035 |
|
|
|a (OCoLC)38752974
|
| 035 |
|
|
|9 AHQ3371AM
|
| 040 |
|
|
|a DLC
|c DLC
|d TXA
|d UtOrBLW
|
| 043 |
|
|
|a n-us---
|
| 049 |
|
|
|a TXAM
|
| 050 |
0 |
0 |
|a HD9696.C64
|b A8626 1998
|
| 082 |
0 |
0 |
|a 338.7/61004165
|a B
|2 21
|
| 100 |
1 |
|
|a Amelio, Gil.
|
| 245 |
1 |
0 |
|a On the firing line :
|b my 500 days at Apple /
|c Gil Amelio and William L. Simon.
|
| 250 |
|
|
|a 1st ed.
|
| 264 |
|
1 |
|a New York :
|b HarperBusiness,
|c [1998]
|
| 264 |
|
4 |
|c ©1998
|
| 300 |
|
|
|a xii, 298 pages ;
|c 25 cm.
|
| 336 |
|
|
|a text
|b txt
|2 rdacontent
|
| 337 |
|
|
|a unmediated
|b n
|2 rdamedia
|
| 338 |
|
|
|a volume
|b nc
|2 rdacarrier
|
| 500 |
|
|
|a Includes index.
|
| 600 |
1 |
0 |
|a Amelio, Gil.
|
| 650 |
|
0 |
|a Executives
|z United States
|v Biography.
|
| 610 |
2 |
0 |
|a Apple Computer, Inc.
|x Management.
|
| 650 |
|
0 |
|a Computer industry
|z United States
|x Management
|x Case studies.
|
| 700 |
1 |
|
|a Simon, William L.,
|d 1930-
|
| 948 |
|
|
|a C:BLW
|d 20030615
|
| 999 |
|
|
|a MARS
|
| 999 |
f |
f |
|s c43f8836-22da-37e6-b550-a8c605a07ad1
|i a0ae773a-ab1c-36f8-b979-3e031a88ba26
|t 0
|
| 952 |
f |
f |
|p ric
|a Texas A&M University
|b Rellis Campus
|c Joint Library Facility
|d Remote Storage
|t 0
|e HD9696.C64 A8626 1998
|h Library of Congress classification
|i unmediated -- volume
|m A14822548534
|
| 998 |
f |
f |
|a HD9696.C64 A8626 1998
|t 0
|l Remote Storage
|